Ani na sedempercentné zvýšenie dôchodkov nie sú peniaze

Problém zvyšovania dôchodkov, rezervné fondy Sociálnej poisťovne sú vyčerpané. Tri varinaty zvýšenia dôchodkov navrhnuté Ministerstvom práce, sociálnych vecí a rodiny SR. Prešiel najmenej náročný variant zvýšenia o 3,5 percenta a pevnú sumu. Sociálna poisťovňa nemá financie ani na vyplácanie dôchodk...

Descrizione completa

Salvato in:
Dettagli Bibliografici
Autore principale: Apolen, Peter
Natura: Capitolo di libro
Lingua:slovacco
Soggetti:
Tags: Aggiungi Tag
Nessun Tag, puoi essere il primo ad aggiungerne!!

MARC

LEADER 00000naa a2200000 4500
001 r038579
005 20230921110007.6
041 0 |a slo 
044 |a SK 
245 1 0 |a Ani na sedempercentné zvýšenie dôchodkov nie sú peniaze  |c Peter Apolen 
520 |a Problém zvyšovania dôchodkov, rezervné fondy Sociálnej poisťovne sú vyčerpané. Tri varinaty zvýšenia dôchodkov navrhnuté Ministerstvom práce, sociálnych vecí a rodiny SR. Prešiel najmenej náročný variant zvýšenia o 3,5 percenta a pevnú sumu. Sociálna poisťovňa nemá financie ani na vyplácanie dôchodkov v pôvodnej výške, treba nájsť iné zdroje na valorizáciu dôchodkov. Znižovanie prostriedkov Sociálnej poisťovne. Hospodárenie Sociálnej poisťovne. 
610 2 0 |a dôchodky 
610 2 0 |a valorizácia 
610 2 0 |a financie 
610 2 0 |a hospodárenie finančné 
610 2 0 |a štát 
610 2 0 |a Sociálna poisťovňa, a.s. Bratislava 
610 2 0 |a 2000 
100 1 |a Apolen, Peter